Guía del Museo del 'Cau Ferrat' (Fundación Rusiñol), Sitges
Descripción Física:
84 p. : il., 2 f. pleg., [32] p. de làm. ; 17 cm
MARC
| LEADER | 00000nam a2200000Ia 4500 | ||
|---|---|---|---|
| 001 | 8167 | ||
| 008 | 160829s1940 xx 000 0 cat d | ||
| 080 | |a B-1-320 | ||
| 245 | |a Guía del Museo del 'Cau Ferrat' (Fundación Rusiñol), Sitges | ||
| 260 | |a Barcelona : |b (Casa Provincial de Caridad, Imprenta - Escuela), |c 1940 | ||
| 300 | |a 84 p. : |b il., 2 f. pleg., [32] p. de làm. ; |c 17 cm | ||
| 490 | |a Publicaciones de la Junta de Museos de Barcelona | ||
| 590 | |a A la part superior de la portada: Diputación Provincial de Barcelona. | ||
| 590 | |a Índex | ||
| 650 | |a Cau Ferrat (Museu) |x Guies |9 28477 | ||
| 650 | |a Museus |x Catalunya |x Guies |9 49099 | ||
| 710 | 1 | |a Barcelona (Catalunya : Província). |b Diputació |9 52408 | |
| 710 | 2 | |a Junta de Museus de Barcelona |9 54561 | |
| 901 | |a Arxiu | ||
| 942 | |n 1 | ||
| 952 | |0 0 |1 0 |4 0 |6 B1320 |7 1 |9 44829 |a Arxiu |b Arxiu |d 2016-12-01 |l 0 |o B-1-320 |p 8167 |r 2016-12-01 00:00:00 |w 2016-12-01 |y ARXIU | ||
| 999 | |c 47427 |d 47427 | ||